[Event "Olympiad Women 2024"]
[Site "Budapest HUN"]
[Date "2024.09.16"]
[Round "6.5"]
[Board "4"]
[White "Eric, Jovana"]
[Black "Doluhanova, Evgeniya"]
[Result "1-0"]
[WhiteElo "2162"]
[BlackElo "2304"]
[PlyCount "115"]
[EventDate "2024.09.11"]
[WhiteTeam "Serbia"]
[BlackTeam "Ukraine"]
[WhiteTeamCountry "SRB"]
[BlackTeamCountry "UKR"]

1. e4 e5 2. Nf3 Nc6 3. Bc4 Bc5 4. c3 Nf6 5. d3 O-O 6. O-O d6 7. h3 h6 8. Re1 a6 9. a4 Ba7 10. Nbd2 Be6 11. Bxe6 fxe6 12. Nf1 Nh5 13. b4 Qf6 14. Ra2 Nf4 15. Bxf4 $146 ({RR} 15. Kh2 Ne7 16. Be3 Qg6 17. Nh4 Qf6 18. Nf3 Qg6 19. Nh4 Qf6 20. Nf3 Qg6 21. Nh4 Qf6 22. Nf3 Qg6 23. Nh4 Qf6 24. Nf3 Qg6 25. Nh4 Qf6 26. Nf3 Qg6 27. Nh4 Qf6 28. Nf3 Qg6 29. Nh4 Qf6 {½-½ Karavade,E (2357)-Tan,Z (2513) WchT (Women) 12th 2019 (6.1)}) ({RR} 15. Kh2 g5 16. Ng3 Ne7 17. Be3 Neg6 18. d4 Nxg2 19. Kxg2 Qxf3+ 20. Qxf3 Nh4+ 21. Kf1 Nxf3 22. Rd1 Rf7 23. Ke2 Raf8 24. d5 Bxe3 25. dxe6 Ng1+ 26. Kd3 Rxf2 27. Rxg1 R2f3 {0-1 Subhayan,K (2385)-Sarwat,W (2175) 1st Bangalore Int Open 2024 (2.23)}) ({RR} 15. Kh2 a5 16. bxa5 Bc5 17. Be3 Rxa5 18. Bxc5 Rxc5 19. Ra3 b6 20. d4 Ra5 21. Re3 exd4 22. cxd4 e5 23. d5 Nd4 24. Nxd4 exd4 25. Rf3 Qe5 26. g3 Nh5 27. Rxf8+ Kxf8 28. f4 Qe8 29. Qxd4 Nf6 {½-½ Harish,N (2213)-Xavier,N (1789) 1000GM Memorial Day 2024 (4.23)}) 15... Qxf4 16. N1h2 Qf7 17. g3 a5 18. bxa5 Nxa5 19. Kg2 Bb6 20. d4 exd4 21. cxd4 e5 22. d5 Bc5 23. Qd3 c6 24. Rb2 cxd5 25. exd5 b6 26. Re4 Nb7 27. Rg4 Qf5 28. Qd2 Qh7 29. Qe2 Rae8 30. Re4 Qg6 31. Nf1 Re7 32. N1d2 Ref7 33. Rg4 Qf5 34. Rb3 Na5 35. Rd3 h5 36. Re4 Qg6 37. Rh4 Rf4 38. Ne4 Nb7 39. Kh2 Rxh4 40. Nxh4 Qe8 41. Rf3 Qxa4 42. Rxf8+ Kxf8 43. Qf3+ Ke8 44. Ng6 Kd8 45. Qf7 Qd7 46. Qg8+ Kc7 47. Nf8 Qe7 48. Ne6+ Kd7 49. Qa8 Nd8 50. N4g5 Ke8 51. Qa4+ Qd7 52. Nxg7+ Ke7 53. Qh4 Kf8 54. N7e6+ Nxe6 55. Nxe6+ Ke8 56. Qxh5+ Ke7 57. Qh7+ Ke8 58. Qg8+ 1-0

[Event "Olympiad Women 2024"]
[Site "Budapest HUN"]
[Date "2024.09.16"]
[Round "6.6"]
[Board "1"]
[White "Pham, Le Thao Nguyen"]
[Black "Mammadzada, Gunay"]
[Result "1-0"]
[WhiteElo "2380"]
[BlackElo "2433"]
[PlyCount "123"]
[EventDate "2024.09.11"]
[WhiteTeam "Vietnam"]
[BlackTeam "Azerbaijan"]
[WhiteTeamCountry "VIE"]
[BlackTeamCountry "AZE"]

1. d4 Nf6 2. Nf3 d5 3. Bf4 e6 4. e3 c5 5. c3 Bd6 6. Bb5+ Nc6 7. Bg3 ({RR} 7. Bxc6+ bxc6 8. Bxd6 Qxd6 9. Qa4 O-O 10. Qa3 Ne4 11. Nfd2 cxd4 12. Nxe4 Qxa3 13. Nxa3 dxe4 14. cxd4 Rb8 15. b3 c5 16. dxc5 Ba6 17. Rc1 Rfd8 18. Nc4 Rd5 19. Nd6 f5 20. f3 Bd3 21. Kf2 Kf8 {1-0 Aronian,L (2781)-So,W (2770) NIC Classic KO rapid 2021 (1.23)}) 7... O-O 8. Nbd2 a6 9. Bd3 h6 $146 ({RR} 9... Qc7 10. dxc5 Bxg3 11. hxg3 e5 12. e4 Ne7 13. Qc2 dxe4 14. Nxe4 Nxe4 15. Bxe4 f5 16. Qb3+ Kh8 17. Ng5 h6 18. Bc2 Qxc5 19. g4 Qc6 20. Nf7+ Kh7 21. Nxe5 Qxg2 22. O-O-O Qxf2 23. Kb1 Qc5 24. Rde1 {1-0 Pham Le Thao Nguyen (2395)-Tarasova,V (2226) Abu Dhabi Masters Online 2024 (5)}) ({RR} 9... b5 10. Ne5 Bb7 11. f4 b4 12. O-O bxc3 13. bxc3 cxd4 14. cxd4 Nb4 15. Bh4 Nxd3 16. Nxd3 Be7 17. Ne5 Ne4 18. Bxe7 Qxe7 19. Nb3 a5 20. Rc1 Qa3 21. Qc2 a4 22. Nc5 Qxe3+ 23. Kh1 Ba6 24. Nxa6 {1-0 Pham Le Thao Nguyen (2395)-Slovineanu,V (2412) Titled Tue 5th Mar Late 2024 (5)}) ({RR} 9... b5 10. Qe2 Bb7 11. Rd1 b4 12. e4 bxc3 13. bxc3 dxe4 14. Nxe4 Nxe4 15. Bxe4 Qe7 16. Bxd6 Qxd6 17. Bxh7+ Kxh7 18. Ng5+ Kg8 19. Qh5 Rfb8 20. Qxf7+ Kh8 21. Rd3 {1-0 Tristan,L (2538)-Villalba,M (2258) Titled Tuesday intern op 5th Nov blitz 2019 (6)}) 10. Qe2 Qe7 11. Ne5 Bxe5 12. dxe5 Nd7 13. f4 f6 14. Nf3 b5 15. Nh4 Qe8 16. Ng6 Rf7 17. O-O Bb7 18. Rf2 f5 19. Bh4 d4 20. cxd4 Nb4 21. Bb1 cxd4 22. e4 d3 23. Qd2 Nc2 24. Bxc2 dxc2 25. exf5 Be4 26. Qd6 Bxf5 27. Ne7+ Kh8 28. Nxf5 Rxf5 29. Rxc2 Rxf4 30. Bg3 Rf5 31. Rc6 Nxe5 32. Rxa6 Rxa6 33. Qxa6 Nd3 34. Qa3 Qd8 35. h3 Qd4+ 36. Kh2 Qxb2 37. Qa8+ Kh7 38. Rg1 Qe2 39. a3 Rf1 40. Rxf1 Qxf1 41. Qc6 Qf5 42. Qd7 Qd5 43. Qf7 Nb2 44. Qf2 Nc4 45. Qc2+ Qf5 46. Qc3 Qe4 47. Kh1 h5 48. Bf2 Qe2 49. Bc5 e5 50. Qb3 Nd2 51. Qc2+ e4 52. Bg1 Nf1 53. Qc7 Ne3 54. Bxe3 Qxe3 55. Qe5 Qe2 56. Kh2 e3 57. Qe4+ Kh6 58. Qe6+ g6 59. Qf6 Qf2 60. Qh8+ Kg5 61. Qe5+ Qf5 62. h4+ 1-0

[Event "Olympiad Women 2024"]
[Site "Budapest HUN"]
[Date "2024.09.16"]
[Round "6.7"]
[Board "1"]
[White "Tokhirjonova, Gulrukhbegim"]
[Black "Kosteniuk, Alexandra"]
[Result "1/2-1/2"]
[WhiteElo "2380"]
[BlackElo "2483"]
[PlyCount "77"]
[EventDate "2024.09.11"]
[WhiteTeam "United States of America"]
[BlackTeam "Switzerland"]
[BlackTeamCountry "SUI"]

1. e4 e5 2. Nf3 Nc6 3. Nc3 Nf6 4. d4 exd4 5. Nxd4 Bb4 6. Nxc6 bxc6 7. Bd3 d5 8. Bd2 O-O 9. O-O Bxc3 10. Bxc3 dxe4 11. Bxf6 Qxf6 12. Bxe4 Qxb2 13. Bxc6 Rb8 14. Rb1 Qxb1 15. Qxb1 Rxb1 16. Rxb1 Rd8 17. Bf3 Kf8 18. h3 $146 ({RR} 18. Rb8 Re8 19. h4 Ba6 20. Rb3 Re1+ 21. Kh2 Re5 22. Rc3 Be2 23. Bxe2 Rxe2 24. Kg3 Re4 25. Rxc7 Ra4 26. c4 Rxa2 27. c5 a5 28. Ra7 a4 29. c6 Rc2 30. c7 Ke8 31. Rxa4 {½-½ Mastrovasilis,D (2619)-Grischuk,A (2773) EU-chT 23rd Terme Catez 2021 (1.1)}) ({RR} 18. Rb8 Re8 19. h4 Ba6 20. Rb3 Be2 21. Bxe2 Rxe2 22. Rc3 Re7 23. f3 Ke8 24. Kf2 Kd7 25. Ra3 Re5 26. Rxa7 Rc5 27. Ke3 Rxc2 28. g4 h5 29. gxh5 Rc4 30. Ra5 Rxh4 31. Rg5 Ke6 32. Rc5 Ra4 {½-½ So,W (2765)-Carlsen,M (2872) Tata Steel-A 82nd 2020 (13)}) ({RR} 18. Rb8 Re8 19. h3 Bf5 20. Rb7 Be4 21. Rxa7 Bxf3 22. gxf3 Re1+ 23. Kg2 Rc1 24. Rxc7 Ra1 25. f4 Rxa2 26. Kg3 Ra1 27. f5 Rg1+ 28. Kf4 Rf1 29. f3 Rh1 30. Kg3 Rg1+ 31. Kf2 Rh1 32. Kg2 Re1 {½-½ Oleksiyenko,M (2567)-Duda,J (2726) Bundesliga 2023-24 (11.4)}) ({RR} 18. Rb8 Re8 19. h4 Ba6 20. Rb4 Re6 21. Rb8+ Re8 22. Rb3 Bc4 23. Ra3 a6 24. Ra4 Bb5 25. Ra5 Re1+ 26. Kh2 Rc1 27. Be4 h6 28. Kg3 Ke7 29. Kf4 g6 30. g4 Kd6 31. Ra3 c5 32. f3 c4 {½-½ Urazayev,A (2465)-Harutyunyan,T (2511) World Rapid 2022 (9.59)}) ({RR} 18. Rb8 Re8 19. h4 Ba6 20. Rb3 Be2 21. Bxe2 Rxe2 22. Rc3 Re4 23. g3 Ra4 24. Rxc7 Rxa2 25. c4 Rc2 26. Rxa7 Rxc4 27. Ra8+ Ke7 28. Ra7+ Ke6 29. Ra6+ Ke7 30. Ra7+ Ke6 31. Ra6+ Ke5 {½-½ Sanal,V (2608)-Yilmazyerli,M (2533) Is Bank Chess Cup Final 2023 (2.1)}) 18... Ke7 19. Rb4 Rd6 20. Rc4 Kd8 21. a4 Be6 22. Rc5 Rd4 23. Ra5 Bd7 24. Rxa7 Rxa4 25. Rxa4 Bxa4 26. Be4 Ke7 27. Kf1 Kd6 28. Ke2 h6 29. Kd3 Kc5 30. Kc3 g5 31. g3 Bd7 32. h4 gxh4 33. gxh4 f5 34. Bg2 f4 35. Be4 Bb5 36. Bf3 Bc4 37. Be4 Bb5 38. Bf3 Bc4 39. Be4 1/2-1/2

[Event "Olympiad Women 2024"]
[Site "Budapest HUN"]
[Date "2024.09.16"]
[Round "6.7"]
[Board "3"]
[White "Lee, Alice"]
[Black "Hryzlova, Sofiia"]
[Result "1-0"]
[WhiteElo "2384"]
[BlackElo "2188"]
[PlyCount "111"]
[EventDate "2024.09.11"]
[WhiteTeam "United States of America"]
[BlackTeam "Switzerland"]
[BlackTeamCountry "SUI"]

1. d4 Nf6 2. c4 e6 3. Nf3 d5 4. Nc3 a6 5. cxd5 exd5 6. Bg5 Be6 7. e3 Nbd7 8. Bd3 Bd6 9. O-O c6 10. Bf4 Qc7 11. Qd2 O-O 12. h3 Nb6 ({RR} 12... Rfe8 13. Rfe1 Nh5 14. Bxd6 Qxd6 15. e4 Qf4 16. exd5 Bxd5 17. Nxd5 cxd5 18. Qb4 Qc7 19. Rec1 Qb8 20. Rc2 Nf4 21. Bf1 Ne6 22. Rac1 g6 23. a4 Nf6 24. a5 Qa7 25. g3 Rad8 26. h4 Ne4 27. Bh3 {½-½ Ding,L (2799)-Vidit,S (2723) Charity Cup Prelim rapid 2022 (14)}) ({RR} 12... a5 13. Rac1 Qb8 14. Ng5 Re8 15. Bxd6 Qxd6 16. Ne2 h6 17. Nxe6 {½-½ Srdanovic,J (2107)-Sharma,I (2147) GM/IM Fantastico mix 8 2024 (8.15)}) ({RR} 12... Rfe8 13. Rfe1 g6 14. a3 Nb6 15. Bxd6 Qxd6 16. Ne5 Nfd7 17. f4 f6 18. Ng4 Kg7 19. Qf2 Bxg4 20. hxg4 Re7 21. e4 dxe4 22. Nxe4 Qc7 23. Nc3 Rae8 24. g3 Qd6 25. Rxe7+ Rxe7 26. Rd1 Nd5 27. Ne4 {0-1 Hryzlova,S (2251)-Boyer,M (2415) Swiss Young Masters 2024 (4.1)}) 13. b3 g6 $146 ({RR} 13... Rae8 14. a4 Nc8 15. Be5 Kh8 16. Qc2 Bxe5 17. Nxe5 Nd6 18. Rfc1 a5 19. Nb5 Qe7 20. Nxd6 Qxd6 21. Qd2 Ra8 22. Rc5 Qc7 23. b4 axb4 24. Qxb4 Nd7 25. Nxd7 Bxd7 26. Rb1 Qd6 27. Bc2 Ra7 28. Qb6 {½-½ Navara,D (2699)-Mikhalevski,V (2559) EU-chT 23rd Terme Catez 2021 (5.1)}) ({RR} 13... Nc8 14. Rfe1 Bxf4 15. exf4 Nd6 16. Ne5 Bf5 17. f3 Bxd3 18. Qxd3 Nh5 19. Qd2 g6 20. Rac1 Qd8 21. g4 Ng7 22. Na4 Re8 23. Kg2 f6 24. Nd3 Qc7 25. Nc3 Qf7 26. a4 Rxe1 27. Rxe1 Re8 28. Rc1 {½-½ Stojanovic,M (2501)-Prusikin,M (2515) SUI-chT Switzerland 2022 (3.1)}) 14. Rac1 Nc8 15. Ne5 Nh5 16. Bh2 f6 17. Nf3 Bxh2+ 18. Nxh2 Nd6 19. Rfd1 f5 20. Nf3 Ne4 21. Qc2 Qg7 22. Ne5 g5 23. Na4 Rae8 24. b4 Kh8 25. Nc5 Bc8 26. a4 Nxc5 27. bxc5 g4 28. hxg4 fxg4 29. g3 Qh6 30. Kg2 Nxg3 31. Rh1 Nxh1 32. Rxh1 Qf6 33. Ng6+ Kg8 34. Nxf8 Rxf8 35. Bxh7+ Kg7 36. Qe2 Qg5 37. Bc2 Rf3 38. Qd3 Rh3 39. Qf1 Rf3 40. Rh7+ Kf6 41. Qh1 Rh3 42. Rxh3 gxh3+ 43. Kh2 a5 44. Qf3+ Ke7 45. Qg3 Qf6 46. Bd3 Bg4 47. Qxg4 Qxf2+ 48. Kh1 Qxe3 49. Qe2 Qxe2 50. Bxe2 Kf6 51. Bg4 Kg5 52. Bxh3 Kf4 53. Bc8 Ke4 54. Bxb7 Kxd4 55. Bxc6 Kxc5 56. Bb5 1-0

[Event "Olympiad Women 2024"]
[Site "Budapest HUN"]
[Date "2024.09.16"]
[Round "6.8"]
[Board "1"]
[White "Wagner, Dinara"]
[Black "Brunello, Marina"]
[Result "1/2-1/2"]
[WhiteElo "2452"]
[BlackElo "2348"]
[PlyCount "64"]
[EventDate "2024.09.11"]
[WhiteTeam "Germany"]
[BlackTeam "Italy"]
[WhiteTeamCountry "GER"]
[BlackTeamCountry "ITA"]

1. d4 d5 2. c4 e6 3. Nf3 h6 4. Nc3 Nf6 5. Bf4 Bd6 6. Bxd6 Qxd6 7. e3 O-O 8. Rc1 Qe7 ({RR} 8... b6 9. cxd5 Nxd5 10. Nxd5 Qxd5 11. a3 Qd6 12. Qc2 c6 13. Qe4 Qd5 14. Bd3 Qxe4 15. Bxe4 Bb7 16. Ne5 f6 17. Ng6 Rd8 18. Nf4 Rd6 19. O-O Nd7 20. Rc3 Rd8 21. Rfc1 e5 22. dxe5 Nxe5 23. h3 {½-½ Ding,L (2791)-Carlsen,M (2862) Skilling op Prelim rapid 2020 (8)}) 9. Qb3 ({RR} 9. Qc2 dxc4 10. Bxc4 c5 11. O-O cxd4 12. Nxd4 Bd7 13. Qb3 Bc6 14. h3 Nbd7 15. Nxc6 bxc6 16. Qc2 Nb6 17. Be2 Rfc8 18. Rfd1 c5 19. Ne4 Nxe4 20. Qxe4 Qf6 21. Qc2 Rab8 22. Ba6 Rc6 23. b3 Nd5 {1-0 Karthik,R (2382)-Moldagali,B (2119) 43rd Benasque Open 2024 (7.25)}) 9... Rd8 10. Bd3 $146 ({RR} 10. Be2 dxc4 11. Qxc4 b6 12. O-O Ba6 13. Qa4 Bb7 14. Ne5 c5 15. Rfd1 cxd4 16. Rxd4 Rxd4 17. Qxd4 Nc6 18. Nxc6 Bxc6 19. Rd1 Rc8 20. f3 e5 21. Qd6 Qxd6 22. Rxd6 Kf8 23. e4 Ke7 24. Rd2 Bd7 {0-1 Aradhya,G (2275)-Svane,R (2651) Titled Tuesday intern op 24th May Early blitz 2022 (4)}) 10... dxc4 11. Qxc4 Na6 12. Ne4 Nd5 13. a3 Nb8 14. O-O b6 15. Qc2 Bb7 16. Ne5 Rc8 17. Qa4 f6 18. Nf3 c6 19. Bb1 Nd7 20. Rfe1 a5 21. Ng3 c5 22. e4 Nf4 23. d5 Ne5 24. Nxe5 fxe5 25. Qb3 Qc7 26. dxe6 c4 27. Qa4 Nxe6 28. Ba2 Ba6 29. Qd1 Nd4 30. Qh5 b5 31. Nf5 Nxf5 32. exf5 Rf8 1/2-1/2

[Event "Olympiad Women 2024"]
[Site "Budapest HUN"]
[Date "2024.09.16"]
[Round "6.8"]
[Board "3"]
[White "Heinemann, Josefine"]
[Black "Gueci, Tea"]
[Result "1-0"]
[WhiteElo "2316"]
[BlackElo "2199"]
[PlyCount "55"]
[EventDate "2024.09.11"]
[WhiteTeam "Germany"]
[BlackTeam "Italy"]
[WhiteTeamCountry "GER"]
[BlackTeamCountry "ITA"]

1. e4 c6 2. d4 d5 3. Nd2 dxe4 4. Nxe4 Nf6 5. Nxf6+ exf6 6. c3 Bd6 7. Bd3 O-O 8. Qc2 Re8+ 9. Ne2 h5 10. O-O h4 11. h3 Nd7 12. Bd2 Nf8 13. Rae1 Be6 ({RR} 13... g6 14. Nf4 Be6 15. Re2 Bc7 16. Nxe6 Rxe6 17. Rxe6 Nxe6 18. Re1 f5 19. Bc4 Nf4 20. Qb3 Qd7 21. Qd1 Re8 22. Rxe8+ Qxe8 23. Qf3 Qe4 24. Qxe4 fxe4 25. Kf1 Kf8 26. Bxf4 Bxf4 27. Ke2 b5 28. Bb3 {½-½ Pichot,A (2641)-Iturrizaga Bonelli,E (2630) ESP-chT CECLUB Honor 2022 (2.2)}) 14. Nf4 Qc7 ({RR} 14... Bxf4 15. Bxf4 Qd7 16. Re3 Bd5 17. c4 Be6 18. Rd1 Rac8 19. c5 Bd5 20. Bd6 Ne6 21. Bh7+ Kh8 22. Be4 Ng5 23. Bxd5 cxd5 24. Rde1 Ne4 25. Bh2 b6 26. b4 Re6 27. Qe2 Rce8 28. Qh5+ Kg8 29. Qxh4 {½-½ Manvelyan,M (2289)-Gruca,M (2198) Titled Tue 23rd Jul Late 2024 (2)}) 15. Nxe6 Nxe6 16. Bc4 $146 ({RR} 16. Re4 g5 17. Bc4 b5 18. Bxe6 fxe6 19. f4 f5 20. Re2 Bxf4 21. Bxf4 gxf4 22. Re5 Rad8 23. Qe2 Qf7 24. Rxf4 Qf6 25. Qf2 Rd5 26. Rfxf5 Qxf5 27. Qxf5 exf5 28. Rxe8+ Kf7 29. Rh8 b4 30. Rh7+ Ke6 {½-½ Okuyaz,D (2238)-Kumar,N (2274) Djenovici TS11 2017 (2)}) 16... Nf4 17. Qf5 b5 18. Bb3 b4 19. Bxf4 Bxf4 20. Bc2 g6 21. Qxf6 bxc3 22. bxc3 Bd2 23. Rxe8+ Rxe8 24. Bb3 Bxc3 25. Qxg6+ Kf8 26. Qh6+ Kg8 27. Qg5+ Kf8 28. Qc5+ 1-0

[Event "Olympiad Women 2024"]
[Site "Budapest HUN"]
[Date "2024.09.16"]
[Round "6.8"]
[Board "4"]
[White "Sedina, Elena"]
[Black "Klek, Hanna Marie"]
[Result "0-1"]
[WhiteElo "2196"]
[BlackElo "2296"]
[PlyCount "66"]
[EventDate "2024.09.11"]
[WhiteTeam "Italy"]
[BlackTeam "Germany"]
[WhiteTeamCountry "ITA"]
[BlackTeamCountry "GER"]

1. e4 e5 2. Nf3 Nc6 3. Bc4 Bc5 4. c3 Nf6 5. d4 exd4 6. e5 d5 7. Bb5 Ne4 8. cxd4 Bb6 9. Nc3 O-O 10. Be3 Bg4 11. h3 Bh5 12. Qc2 Ba5 13. O-O Bxf3 14. gxf3 Ng5 15. Kg2 Bxc3 16. Qxc3 Ne6 17. Bxc6 bxc6 18. Qxc6 Rb8 19. f4 $146 ({RR} 19. b3 Rb6 20. Qc2 f5 21. f4 Qh4 22. Qd3 g5 23. fxg5 f4 24. Bd2 Nxg5 25. Rg1 Rg6 26. Kh2 Qxf2+ 27. Kh1 Ne4 28. Rxg6+ hxg6 29. Be1 Qxe1+ 30. Rxe1 Nf2+ 31. Kg1 Nxd3 32. Rd1 Nb4 33. Rc1 Nxa2 {0-1 Jones,S (2174)-Seymour,T (2094) English Open 2023 (3.17)}) ({RR} 19. Qc3 c5 20. Rfd1 cxd4 21. Bxd4 Nf4+ 22. Kf1 Qd7 23. Qa3 Rfc8 24. Bc3 Qxh3+ 25. Ke1 Qxf3 26. Qa6 Rc4 {0-1 Alinasab,M (2317)-Yildiz Kadioglu,B (2362) FIDE World Cup (Women) 2021 (1.1)}) 19... Rb6 20. Qc2 f5 21. Kh2 Qh4 22. Qd2 g5 23. f3 gxf4 24. Rg1+ Kh8 25. Bf2 Qh5 26. h4 Rfb8 27. b3 Qxf3 28. Rac1 Rg8 29. Rc3 Qe4 30. Rxg8+ Kxg8 31. Rc1 Kf7 32. Re1 Qf3 33. Qe2 Nxd4 0-1

[Event "Olympiad Women 2024"]
[Site "Budapest HUN"]
[Date "2024.09.16"]
[Round "6.9"]
[Board "1"]
[White "Francisco Guecamburu, Candela Be"]
[Black "Khademalsharieh, Sarasadat"]
[Result "0-1"]
[WhiteElo "2294"]
[BlackElo "2468"]
[PlyCount "80"]
[EventDate "2024.09.11"]
[WhiteTeam "Argentina"]
[BlackTeam "Spain"]
[WhiteTeamCountry "ARG"]
[BlackTeamCountry "ESP"]

1. e4 e5 2. Nf3 Nc6 3. Bc4 Nf6 4. Ng5 d5 5. exd5 Na5 6. Bb5+ c6 7. dxc6 bxc6 8. Qf3 Be7 9. Bd3 h6 10. Ne4 Nd5 11. Ng3 O-O ({RR} 11... g6 12. O-O f5 13. Re1 Bf6 14. Nc3 O-O 15. Bf1 e4 16. Qd1 Kh7 17. Na4 h5 18. d3 h4 19. dxe4 hxg3 20. exd5 gxf2+ 21. Kxf2 cxd5 22. Kg1 Bd7 23. c3 Nc4 24. Qxd5 {1-0 Pranesh,M (2493)-Amin,B (2691) Olympic Esports Prelims 2023 (1.2)}) 12. Bf5 ({RR} 12. O-O Nb4 13. Nf5 Bg5 14. Be4 g6 15. Ng3 f5 16. Qc3 Nd5 17. Bxd5+ cxd5 18. d4 f4 19. dxe5 fxg3 20. Qxg3 Bf5 21. Na3 Bxc1 22. Raxc1 Qb6 23. b3 Rac8 24. Qh4 Nc6 25. Rfe1 Rfe8 26. c4 Nxe5 {0-1 Movsesian,J (2276)-Piddubna,B (2005) 24th ch-EUR Indiv w 2024 (2.51)}) 12... Ba6 13. a3 $146 ({RR} 13. d3 Nb7 14. Nc3 Nxc3 15. bxc3 Qa5 16. Bd2 Qa4 17. O-O Nd6 18. Rfe1 Qxc2 19. Bxh6 gxh6 20. d4 Nxf5 21. Nxf5 Bg5 22. h4 Bc8 23. Rxe5 Bxf5 24. hxg5 Bg6 25. gxh6 Kh7 26. Qf6 Rg8 27. Re3 Qf5 {0-1 Piwowar,M (1906)-Seppala,A (2048) Heart of Finland op 28th 2018 (5)}) 13... Bg5 14. Ne4 g6 15. Nc5 gxf5 16. Nxa6 Qf6 17. g3 e4 18. Qe2 Qg7 19. Nc3 Rae8 20. Nxd5 cxd5 21. Qb5 Nc4 22. Qxd5 Ne5 23. Qb5 Bxd2+ 24. Bxd2 Nf3+ 25. Kf1 Nxd2+ 26. Kg2 Qg4 27. Rhe1 f4 28. h3 Qf3+ 29. Kg1 fxg3 30. Re2 Re6 31. fxg3 Rg6 32. g4 Qg3+ 33. Rg2 Nf3+ 34. Kf1 Qxh3 35. Qh5 Nd2+ 36. Kg1 Qe3+ 37. Kh1 Rxa6 38. g5 Rg6 39. Rag1 Kh7 40. Rg3 Nf3 0-1

[Event "Olympiad Women 2024"]
[Site "Budapest HUN"]
[Date "2024.09.16"]
[Round "6.9"]
[Board "4"]
[White "Calzetta Ruiz, Monica"]
[Black "Sarquis, Maria Belen"]
[Result "1-0"]
[WhiteElo "2199"]
[BlackElo "2172"]
[PlyCount "84"]
[EventDate "2024.09.11"]
[WhiteTeam "Spain"]
[BlackTeam "Argentina"]
[WhiteTeamCountry "ESP"]
[BlackTeamCountry "ARG"]

1. e4 e5 2. Nf3 Nc6 3. Bb5 a6 4. Ba4 d6 5. O-O Bd7 6. c3 g6 7. d4 Bg7 8. Be3 Nf6 9. Nbd2 Ng4 10. Bb3 $146 ({RR} 10. Bg5 f6 11. Bh4 h5 12. h3 g5 13. hxg4 hxg4 14. d5 gxf3 15. dxc6 bxc6 16. Bg3 fxg2 17. Re1 Rb8 18. b4 Ke7 19. Kxg2 Bh3+ 20. Kg1 Qd7 21. Nf1 Rh7 22. Ne3 Rbh8 23. f3 f5 24. exf5 Bxf5 {1-0 Ryc,I-Cucka,J Brno Gargulak Memorial 1973 (4)}) ({RR} 10. Bg5 f6 11. Bh4 Qe7 12. b4 h5 13. Bg3 O-O 14. Re1 Nh6 15. Nf1 g5 16. Bb3+ Kh7 17. dxe5 Nxe5 18. Bxe5 fxe5 19. Ne3 g4 20. Nd2 h4 21. Qe2 Qg5 22. Rf1 g3 23. fxg3 hxg3 24. h3 b5 {½-½ Yu,Y (2751)-Mamedyarov,S (2799) Huaian IMSA Basque 2nd rapid 2017 (3.2)}) ({RR} 10. Bg5 f6 11. Bh4 g5 12. Bg3 h5 13. h4 Qe7 14. b4 Bh6 15. Bb3 Qg7 16. Nc4 Ne7 17. Qe2 Ng6 18. Kh1 Nf4 19. Bxf4 gxf4 20. a4 Kf8 21. Ncd2 Re8 22. dxe5 fxe5 23. b5 a5 24. b6 Bc6 {0-1 Lorenzo de la Riva,L (2419)-Gascon Del Nogal,J (2462) TCh-ESP Div 1 2024 (5.9)}) ({RR} 10. Bg5 f6 11. Bh4 Qe7 12. dxe5 dxe5 13. Qe2 O-O 14. Ne1 Nh6 15. Nc2 Nd8 16. Bxd7 Qxd7 17. Rfd1 Ne6 18. f3 Nf7 19. Nb3 Qb5 20. Qxb5 axb5 21. Bf2 Rfd8 22. Nb4 Nd6 23. Nc5 Nxc5 24. Bxc5 Bf8 {0-1 Matikozian,A (2470)-Peters,J (2424) Southern California op 26th 2004 (6)}) ({RR} 10. Bg5 f6 11. Bh4 g5 12. Bg3 h5 13. h4 Qe7 14. d5 Nb8 15. Qb3 b5 16. c4 c6 17. cxb5 cxb5 18. Qb4 O-O 19. Bd1 a5 20. Qc3 Rc8 21. Qd3 Na6 22. Qe2 Nh6 23. Ne1 f5 24. hxg5 Qxg5 {½-½ Tukhaev,A (2436)-Ajrapetjan,Y (2375) UKR-ch U18 sf 2004 (7)}) 10... Nxe3 11. fxe3 O-O 12. Qe2 Qe7 13. a4 Kh8 14. Qf2 Na5 15. Ba2 c5 16. d5 b5 17. b4 Nb7 18. axb5 axb5 19. Bb3 Bh6 20. Rfe1 Qd8 21. Nf1 cxb4 22. cxb4 Rxa1 23. Rxa1 Qb6 24. h4 f6 25. Bd1 Kg7 26. N3h2 f5 27. exf5 gxf5 28. Nf3 Rc8 29. Ng5 Rc4 30. Ra8 Nd8 31. Qg3 f4 32. Ne6+ Kf6 33. Qg8 Nxe6 34. dxe6 Bxe6 35. Qxh7 Bg7 36. Bh5 Bf7 37. Bxf7 Kxf7 38. Qh5+ Kf6 39. Qg5+ Kf7 40. Qh5+ Kf6 41. Re8 Qa7 42. Qg4 fxe3 1-0

[Event "Olympiad Women 2024"]
[Site "Budapest HUN"]
[Date "2024.09.16"]
[Round "6.10"]
[Board "1"]
[White "Linares Napoles, Oleiny"]
[Black "Kamalidenova, Meruert"]
[Result "0-1"]
[WhiteElo "2201"]
[BlackElo "2352"]
[PlyCount "86"]
[EventDate "2024.09.11"]
[WhiteTeam "Cuba"]
[BlackTeam "Kazakhstan"]
[WhiteTeamCountry "CUB"]
[BlackTeamCountry "KAZ"]

1. c4 Nf6 2. g3 g6 3. Bg2 Bg7 4. Nc3 O-O 5. e4 c5 6. Nge2 Nc6 7. d3 a6 8. O-O Rb8 9. Bg5 $146 ({RR} 9. Be3 d6 10. f4 Ng4 11. Bd2 Nd4 12. h3 Nh6 13. Nxd4 cxd4 14. Ne2 f5 15. Kh2 b5 16. b3 Bb7 17. cxb5 axb5 18. Rc1 Qb6 19. Qc2 Rfc8 20. Qb1 e6 21. b4 fxe4 22. Rxc8+ Rxc8 23. dxe4 Nf7 {0-1 Zens,R (1741)-Niesel,T (1924) Mittelrhein Verbandsliga-N 18/19 2018 (4.5)}) ({RR} 9. a4 Ne8 10. Be3 d6 11. d4 cxd4 12. Nxd4 Nc7 13. Qd2 Bd7 14. h3 Na5 15. Qd3 Ne6 16. Nxe6 fxe6 17. Rad1 b6 18. b4 Nc6 19. Na2 a5 20. b5 Ne5 21. Qe2 Rc8 22. Rc1 Qc7 23. Rc2 Be8 {1-0 Duda,J (2729)-Bernadskiy,V (2609) Titled Tue 17th Jan Late 2023 (4)}) ({RR} 9. a4 Ne8 10. Be3 Nd4 11. Rb1 b5 12. cxb5 axb5 13. Bxd4 cxd4 14. Nxb5 Ba6 15. Nbxd4 Rb4 16. Nc2 Rxa4 17. Qd2 Nd6 18. Nc3 Ra5 19. b4 Rh5 20. Bf3 Bxc3 21. Qxc3 Rb5 22. e5 Nf5 23. Na3 Rb8 {1-0 Erigaisi,A (2738)-Henriquez Villagra,C (2591) Titled Tue 23rd Jan Early 2024 (11)}) ({RR} 9. Be3 d6 10. h3 b5 11. f4 Nd7 12. Qd2 Nb6 13. cxb5 axb5 14. e5 Bd7 15. Rac1 dxe5 16. Bxc5 exf4 17. Qxf4 Na4 18. Nxa4 bxa4 19. Rc2 Ne5 20. Qe3 Bc6 21. Bxc6 Nxc6 22. Qe4 Qd7 23. Rd1 Rfc8 {0-1 Reshko,A-Bykov,V Leningrad-ch36 Final 1963}) ({RR} 9. a4 Nd4 10. Rb1 d6 11. b4 Nd7 12. bxc5 Nxe2+ 13. Nxe2 dxc5 14. f4 Qc7 15. Bb2 Rd8 16. Qc2 Bxb2 17. Rxb2 Nf8 18. Nc3 Rd4 19. Nd5 Qd8 20. f5 Nd7 21. Qd2 Ne5 22. f6 exf6 23. Nxf6+ Kg7 {0-1 Novotny,A (1915)-Presalovic,M (2135) SVK-chT2D 1213 2012 (8.2)}) 9... b5 10. Qd2 Re8 11. Rac1 d6 12. b3 Bg4 13. h3 Bd7 14. Bh6 Bh8 15. f4 b4 16. Nd1 e6 17. g4 Qc7 18. Ne3 Bc8 19. Rf2 Nd7 20. Rcf1 f6 21. f5 Nde5 22. fxe6 Bxe6 23. Nf4 Qd8 24. Nxe6 Rxe6 25. g5 Nf7 26. Ng4 Nce5 27. Nxf6+ Bxf6 28. gxf6 Nxh6 29. Qxh6 Rb7 30. Qg5 Rf7 31. h4 Qf8 32. Bh3 h6 33. Qe3 Rexf6 34. Rxf6 Rxf6 35. Rxf6 Qxf6 36. Qxh6 Nxd3 37. e5 Qf2+ 38. Kh1 Qe1+ 39. Kg2 Qe4+ 40. Kg1 Nf4 41. Bf1 Qe3+ 42. Kh1 Qf2 43. Bh3 Qf3+ 0-1